Las sequías en Chile: causas, consecuencias y mitigación

Bewaard in:
Bibliografische gegevens
Hoofdauteur: Norero Schiaffino, Aldo (autor)
Andere auteurs: Bonilla Meléndez, Carlos (autor)
Formaat: Boek
Taal:Spaans
Gepubliceerd in: Santiago Universidad Católica de Chile 1999
Reeks:Colección en Agricultura
Onderwerpen:
Tags: Voeg label toe
Geen labels, Wees de eerste die dit record labelt!

MARC

LEADER 00000nam a2200000 a 4500
001 UCP8404
003 CL-VaPUC
005 20241112143403.0
008 000114e19990000CL |||||||||||||||||spa|d
999 |c 285304  |d 285302 
040 |c Pontificia Universidad Católica de Valparaíso 
082 0 4 |a 631.45  |b NOR  |2 21 
100 |a Norero Schiaffino, Aldo  |e autor  |9 438340 
245 1 4 |a Las sequías en Chile: causas, consecuencias y mitigación 
260 |a Santiago  |b Universidad Católica de Chile  |c 1999 
300 |a 128 p 
490 0 |a Colección en Agricultura 
583 |a last modification  |c 20000114 00:00:00  |k Rodrigo Vera 
650 0 |a Erosión  |9 262782 
650 7 |a SEQUIA  |2 CL-VaPUC  |9 398039 
650 7 |a SILVOAGRICULTURA  |2 CL-VaPUC  |9 438342 
650 0 |a Clima  |9 265281 
650 0 |a Hidrología  |9 261396 
650 0 |a Irrigación  |9 392213 
650 0 |a Riego  |9 259685 
700 |a Bonilla Meléndez, Carlos  |e autor  |9 876171 
942 |c BK  |2 ddc 
945 |d 20000114 00:00:00  |a rbrito 
952 |0 0  |1 0  |4 0  |6 631_450000000000000_NOR_1999  |7 0  |8 A  |9 329816  |a BIBING  |b BIBING  |d 2019-11-20  |i 3590356  |o 631.45 NOR 1999  |p 3590356  |r 2025-01-20  |w 2019-11-20  |y BK  |k GEO 
952 |0 0  |1 0  |4 0  |6 631_450000000000000_NOR_1999  |7 0  |8 A  |9 329817  |a BIBAGR  |b BIBAGR  |d 2019-11-20  |i 363177K  |o 631.45 NOR 1999  |p 363177K  |r 2025-01-20  |w 2019-11-20  |y BK  |k AGR